[Event "Ufa"]
[Site "Ufa"]
[Date "1993.??.??"]
[Round "?"]
[White "Kozirev, Alexander"]
[Black "Annakov, Babakuli"]
[Result "0-1"]
[WhiteElo "2335"]
[BlackElo "2350"]

1.e4 c5 2.Nf3 e6 3.d4 cxd4 4.Nxd4 a6 5.Bd3 Nf6 6.O-O Qc7 7.c4 d6 8.Nc3 g6
9.Be3 Bg7 10.Rc1 O-O 11.f3 Nbd7 12.Qd2 b6 13.Rfd1 Bb7 14.Bf1 Rfd8 15.b4 Rac8
16.Nb3 Bf8 17.Qf2 Ba8 18.Qh4 Bb7 19.Na4 Bc6 20.Nxb6 Nxb6 21.Qxf6 Bg7 22.Qh4 Na4
23.Qf2 Qb8 24.Bd2 Be8 25.Be1 Nb2 26.Rd2 Na4 27.Rdc2 f5 28.Nd4 Bf7 29.exf5 gxf5
30.Rd1 Rc7 31.a3 Qc8 32.Bd3 d5 33.c5 f4 34.Re2 Re7 35.Bc2 Nb2 36.Qh4 Nxd1
37.Nf5 exf5 38.Rxe7 Ne3 39.Ba4 d4 40.Qxf4 Nd5  0-1

[Event "Ufa"]
[Site "Ufa"]
[Date "1993.??.??"]
[Round "?"]
[White "Kozirev, Alexander"]
[Black "Voloshin, Leonid"]
[Result "1-0"]
[WhiteElo "2335"]
[BlackElo "2420"]

1.e4 c5 2.Nf3 e6 3.d4 cxd4 4.Nxd4 a6 5.Bd3 Bc5 6.Nb3 Ba7 7.c4 d6 8.Nc3 Nf6
9.Bg5 Nbd7 10.Qd2 Ne5 11.O-O-O h6 12.Bh4 Ng6 13.Bg3 Nh5 14.c5 Nxg3 15.hxg3 dxc5
16.e5 Nxe5 17.Bb5+ Ke7 18.Qe2 Qc7 19.f4 axb5 20.Nxb5 Qb8 21.fxe5 c4 22.Qxc4 Qxe5
23.Rhe1 Qg5+ 24.Kb1 Bb8 25.Nc7 Bxc7 26.Qxc7+ Kf6 27.Rf1+ Kg6 28.Rxf7 Kh7
29.Re1 Qg6+ 30.Ka1 e5 31.Rxe5 Be6 32.Rxe6 Rxa2+ 33.Kxa2 Ra8+ 34.Na5 Qxe6+
35.Kb1 Qe1+ 36.Kc2 Qe4+ 37.Kb3 Qd3+ 38.Kb4 Qd4+ 39.Nc4 b5 40.Kxb5 Ra1 41.Rd7 Qf6
42.Qd6 Qf5+ 43.Qd5 Qc2 44.Qd3+  1-0

[Event "USA-ch (Women)"]
[Site "?"]
[Date "1993.??.??"]
[Round "?"]
[White "Tverskaya, Julia"]
[Black "Pelech, Leslie"]
[Result "1-0"]
[WhiteElo "2090"]
[BlackElo "2220"]

1.e4 c5 2.Nf3 e6 3.d4 cxd4 4.Nxd4 a6 5.Bd3 Bc5 6.Nb3 Ba7 7.O-O Nc6 8.Nc3 Nge7
9.Kh1 O-O 10.f4 d6 11.a3 b5 12.Qh5 Ng6 13.f5 Nge5 14.f6 gxf6 15.Bh6 Re8 16.Rf3 Nxf3
17.gxf3 Ne7 18.Ne2 Ng6 19.Nbd4 Bb7 20.Rg1 e5 21.Nf5 Bxg1 22.Kxg1 Bc8 23.Neg3 Bxf5
24.Nxf5 Re6 25.h4 Rc8 26.Qg4 a5 27.h5 b4 28.hxg6 fxg6 29.Be3 Re8 30.axb4 axb4
31.b3 Rc3 32.Bc4+ Kh8 33.Bh6 Qb6+ 34.Kh1 Rxc4 35.bxc4 Ra8 36.Ne3 Qd4 37.Bg7+ Kg8
38.Bxf6 Ra1+ 39.Kh2 Qd2+ 40.Ng2 Qh6+ 41.Kg3 Ra7 42.Qe6+ Rf7 43.Qxd6 g5 44.Qd8+ Rf8
45.Qd5+ Rf7 46.Bxe5 Qh5 47.Bf6 h6 48.e5 Qg6 49.Ne3 h5 50.Qe6 Kh7 51.Qf5 Qxf5
52.Nxf5 Rc7 53.e6 Rxc4 54.e7 Rc8 55.Nd6 Rb8 56.e8=Q Rxe8 57.Nxe8  1-0

[Event "Velden op"]
[Site "Velden"]
[Date "1993.??.??"]
[Round "3"]
[White "Szalanczy, Emil"]
[Black "Horvath, Csaba"]
[Result "1/2-1/2"]
[WhiteElo "2365"]
[BlackElo "2490"]

1.e4 c5 2.Nf3 e6 3.d4 cxd4 4.Nxd4 a6 5.Bd3 Nf6 6.O-O Qc7 7.c4 Nc6 8.Nxc6 dxc6
9.Nc3 e5 10.Bg5 Nd7 11.Qh5 Nc5 12.Rad1 Be7 13.f4 Bxg5 14.Qxg5 Ne6 15.Qxe5 Qxe5
16.fxe5 Nc5 17.b4 Nxd3 18.Rxd3 Be6 19.Rd4 a5 20.b5 Ke7 21.Rfd1 Rhd8 22.Kf2 Rxd4
23.Rxd4 Rc8 24.b6 c5 25.Nd5+ Bxd5 26.Rxd5 Rc6 27.Ke3 a4 28.h4 Ke6 29.Kf4 Rxb6
30.Rxc5 Rb2 31.Rb5 Rxa2 32.Rb6+ Kd7 33.Rxb7+ Kc6 34.e6 fxe6 35.Rxg7 a3 36.Ra7 h5
37.Ke5 Kc5 38.g3 Kxc4 39.Kxe6 Kb3 40.e5 Rg2 41.Kf7 a2 42.e6 Rxg3 43.e7 Rf3+  1/2-1/2

[Event "Velden op"]
[Site "Velden"]
[Date "1993.??.??"]
[Round "4"]
[White "Stanec, Nikolaus"]
[Black "Schlosser, Philipp"]
[Result "1/2-1/2"]
[WhiteElo "2425"]
[BlackElo "2520"]

1.e4 c5 2.Nf3 e6 3.d4 cxd4 4.Nxd4 a6 5.Bd3 Bc5 6.Nb3 Ba7 7.Qe2 Nc6 8.Be3 Nf6
9.Nc3 d6 10.O-O O-O 11.Bxa7 Rxa7 12.f4 e5 13.f5 b5 14.a4 bxa4 15.Rxa4 Bd7
16.Ra3  1/2-1/2

[Event "Women-Veterans"]
[Site "Vienna"]
[Date "1993.??.??"]
[Round "?"]
[White "Arakhamia, Ketevan"]
[Black "Olafsson, Fridrik"]
[Result "1-0"]
[WhiteElo "2440"]
[BlackElo "2485"]

1.e4 c5 2.Nf3 e6 3.d4 cxd4 4.Nxd4 a6 5.Bd3 g6 6.O-O Bg7 7.Be3 Ne7 8.c4 O-O
9.Nc3 d6 10.Qd2 Nd7 11.Rad1 Qc7 12.f4 Nf6 13.h3 Bd7 14.Qf2 Kh8 15.f5 Rae8
16.fxe6 fxe6 17.Qh4 Qb6 18.Nc2 Qxb2 19.Bd4 Nfg8 20.e5 dxe5 21.Rb1 Rxf1+ 22.Kxf1 Qxb1+
23.Nxb1 exd4 24.Nxd4 Nf5 25.Nxf5 exf5 26.Nd2 Nf6 27.Nf3 Re3 28.Qd4 Re8 29.Qd6 Bc6
30.Ng5 Ne4 31.Bxe4 fxe4 32.Ne6 Bf6 33.Ke2 Kg8 34.g4 Kf7 35.Nc5 e3 36.Qf4 Kg7
37.g5 Bd8 38.h4 Bb6 39.Qf6+ Kg8 40.Ne6 Rxe6 41.Qxe6+ Kf8 42.Qd6+ Ke8 43.c5 Ba5
44.Kxe3 Kf7 45.Kd4 Bg2 46.Qd7+ Kg8 47.Qe8+ Kg7 48.Qe7+ Kg8 49.Ke5 Bc3+ 50.Ke6 Bh3+
51.Kd6 Bg2 52.Qe8+ Kg7 53.Ke7  1-0

[Event "Voskresensk"]
[Site "Voskresensk"]
[Date "1993.??.??"]
[Round "?"]
[White "Belikov, Vladimir"]
[Black "Tunik, Gennady"]
[Result "1/2-1/2"]
[WhiteElo "2450"]
[BlackElo "2490"]

1.e4 c5 2.Nf3 e6 3.d4 cxd4 4.Nxd4 a6 5.Bd3 b6 6.O-O Bb7 7.Nc3 Ne7 8.f4 Nbc6
9.Nb3 g6 10.f5 Ne5 11.Bg5 Nxd3 12.cxd3 gxf5 13.exf5 h5 14.Ne4 Bxe4 15.dxe4 Qc7
16.fxe6 dxe6 17.Rc1 Qb7 18.Qf3 Ng6 19.Bf6 Rh7 20.Rfd1 Be7 21.Rc4 Kf8 22.Rdc1 Re8
23.Rc7 Qa8 24.Bxe7+ Nxe7 25.Nd4 Kg8 26.Rd7 Rd8 27.Rxe7 Rxd4 28.Qf6 Qd8 29.Re8+ Qxe8
30.Qxd4 b5 31.Rc5 Rg7 32.Rxh5 Qc8 33.Rc5 Qb8 34.g3 Rg6 35.Kg2 Rg7 36.Qc3 Qd6
37.Rc8+ Kh7 38.Qc2 Qd4 39.Rc5 Rg6 40.Rc7 Kg8 41.Rc8+ Kh7 42.Rc5 Rf6 43.Rh5+ Kg7
44.Rg5+ Kh6 45.Rc5 Kg7 46.Rc3 b4 47.Rb3 a5 48.a3 a4 49.Rf3 Rxf3 50.Kxf3 b3
51.Qe2 Kg6 52.h4 Kg7 53.h5 e5 54.Kg2 Qd7 55.Qe3 f6 56.Qf3 Qd2+ 57.Kh3 Kf7
58.Qg4 Ke7 59.Qg7+ Ke6 60.h6 Qe1 61.Qg8+ Ke7 62.Qg7+ Ke6 63.Qg8+ Ke7 64.h7 Qh1+
65.Kg4 Qd1+ 66.Kh4 Qh1+ 67.Kg4  1/2-1/2

[Event "Wohlen op"]
[Site "Wohlen"]
[Date "1993.??.??"]
[Round "5"]
[White "Flueckiger, T."]
[Black "Robovic, Saudin"]
[Result "0-1"]
[WhiteElo "2215"]
[BlackElo "2365"]

1.e4 c5 2.Nf3 e6 3.d4 cxd4 4.Nxd4 a6 5.Bd3 Nf6 6.O-O Qc7 7.Kh1 d6 8.f4 g6
9.Nc3 Bg7 10.Be3 O-O 11.a4 b6 12.Qd2 Bb7 13.f5 exf5 14.exf5 Ng4 15.f6 Bxf6
16.Rxf6 Nxf6 17.Nf5 Ng4 18.Bd4 f6 19.Nh6+ Nxh6 20.Qxh6 Qg7 21.Qf4 Nc6 22.Bxb6 Ne5
23.Be4 Rac8 24.Bd4 Rc4 25.Qd2 Rfc8 26.Nd5 f5 27.Nf6+ Qxf6 28.Bxb7 Rxc2 29.Qe3 R8c7
30.Bxa6 f4 31.Qg1 f3 32.g3 f2 33.Qf1 Qf3+ 34.Qg2  0-1

[Event "Zillertal op"]
[Site "Zillertal"]
[Date "1993.??.??"]
[Round "?"]
[White "Kengis, Edvins"]
[Black "Gofshtein, Leonid D"]
[Result "1-0"]
[WhiteElo "2555"]
[BlackElo "2560"]

1.e4 c5 2.Nf3 e6 3.d4 cxd4 4.Nxd4 a6 5.Bd3 b6 6.O-O Bb7 7.Nc3 Ne7 8.Bg5 Qc7
9.Bxa6 Bxa6 10.Ndb5 Qc5 11.Nd6+ Kd8 12.Be3 Qc6 13.Nxf7+ Ke8 14.Nxh8 g6 15.Qf3 Nf5
16.Qh3 Nxe3 17.fxe3 Bxf1 18.Qxh7 Bc5 19.Qg8+ Ke7 20.Nxg6+ Kd6 21.Rd1+ Kc7
22.Ne5 Bxe3+ 23.Kxf1 Qc5 24.Qg7 Kb7 25.Nxd7 Qc4+ 26.Ke1 Ka6 27.Qg3  1-0

[Event "Zillertal op"]
[Site "Zillertal"]
[Date "1993.??.??"]
[Round "?"]
[White "Gofshtein, Leonid D"]
[Black "Palac, Mladen"]
[Result "1/2-1/2"]
[WhiteElo "2560"]
[BlackElo "2385"]

1.e4 c5 2.Nf3 e6 3.d4 cxd4 4.Nxd4 a6 5.Bd3 Nc6 6.Nxc6 dxc6 7.Nd2 e5 8.a4 Be6
9.O-O Nf6 10.b3 Bc5 11.Nf3 Bg4 12.h3 Bxf3 13.Qxf3 Qe7 14.Bg5 h6 15.Bh4 g5
16.Bg3 Kf8 17.c3 Kg7 18.b4 Ba7 19.Bc4 Rad8 20.Rfd1 Bb8 21.h4 Nh7 22.a5 Qf6
23.Qg4 Rhe8 24.Rd7 Rxd7 25.Qxd7 Re7 26.Qg4 Qg6 27.hxg5 hxg5 28.Qc8 Qd6 29.Bb3 Qc7
30.Qg4 c5 31.Bd5 cxb4 32.cxb4 Qc3 33.Rb1 Bd6 34.Qf5 Qd2 35.b5 Nf6 36.bxa6 bxa6
37.Bc4 Nh5 38.Bh4 gxh4 39.Qxh5 Qf4 40.Qe2 Bc5 41.Rb3 Rc7 42.Rf3 Qc1+ 43.Kh2 Bb4
44.Bb3 Bd2 45.g3 hxg3+ 46.Rxg3+ Kf8 47.Qd3 Ke7 48.Qd5 Bf4 49.Qxf7+ Kd8 50.Qf8+ Kd7
51.Ba4+ Ke6 52.Qg8+ Ke7 53.Qg7+ Ke6 54.Bb3+ Kd6 55.Qf6+ Kd7 56.Qf7+ Kd8 57.Qf8+ Kd7
58.Qf7+ Kd8  1/2-1/2

[Event "Zuerich op"]
[Site "Zuerich"]
[Date "1993.??.??"]
[Round "?"]
[White "Meier, T."]
[Black "Salov, Sergei"]
[Result "1/2-1/2"]
[WhiteElo "2270"]
[BlackElo "2280"]

1.e4 c5 2.Nf3 e6 3.d4 cxd4 4.Nxd4 a6 5.Bd3 Nf6 6.O-O Qc7 7.Kh1 Nc6 8.Nxc6 bxc6
9.Be3 e5 10.c4 d6 11.h3 Be7 12.Nc3 O-O 13.Qe2 a5 14.a3 Qb7 15.Rab1 Be6 16.Bg5 h6
17.Bh4 g5 18.Bg3 c5 19.b3 Kg7 20.Rb2 Qd7 21.Nd5 Bxd5 22.cxd5 Rab8 23.Rfb1 Rfc8
24.Kh2 Bd8 25.Qc2 h5 26.Qd2 Kg6 27.f4 gxf4 28.Bxf4 exf4 29.e5+ Kg7 30.exf6+ Bxf6
31.Rc2 Rg8 32.Qe2 Qe7 33.Qxh5 Kf8 34.Re2 Be5 35.Kh1 Rg3 36.Qh6+ Ke8 37.Bf5 Rbxb3
38.Rxb3 Rxb3 39.Qh7 Rg3 40.Re1 f3 41.gxf3 Qg5 42.Rb1 Bf6 43.Rb8+ Bd8 44.Qh8+ Qg8
45.Qxg8+ Rxg8 46.Kh2 Rg5 47.Be4 Re5 48.Kg3 f5 49.Bd3 Rxd5 50.Bb5+ Ke7 51.h4 c4
52.Bxc4 Rc5 53.Bd3 d5 54.Rb5 Bc7+ 55.Kf2 Rc3 56.Bxf5 Rxa3 57.Rxd5 Bf4 58.Kg2 a4
59.Ra5 Ra2+ 60.Kh3 a3 61.Kg4 Bd6 62.Be4 Rd2 63.h5 a2 64.h6 Bb4 65.Ra7+ Kd8
66.Bd5 Rxd5 67.h7 Bc3 68.Rxa2 Rd7 69.h8=Q+ Bxh8 70.Ra8+  1/2-1/2

[Event "Zuerich op"]
[Site "Zuerich"]
[Date "1993.??.??"]
[Round "?"]
[White "Winterstein, Wolfgang"]
[Black "Steinert, Marc"]
[Result "1/2-1/2"]
[WhiteElo "2305"]
[BlackElo "2295"]

1.e4 c5 2.Nf3 e6 3.d4 cxd4 4.Nxd4 a6 5.Bd3 d6 6.c4 Nf6 7.Nc3 Qc7 8.Be3 Be7
9.Rc1 Nbd7 10.O-O b6 11.f4 Bb7 12.Qf3 Rc8 13.g4 g6 14.g5 Nh5 15.Qh3 Nc5 16.Bb1 e5
17.Nde2 exf4 18.Nxf4 Nxf4 19.Bxf4 Ne6 20.Nd5 Qd8 21.Qf3 Bxd5 22.exd5 Nxf4
23.Qxf4 O-O 24.h4 h6 25.Qe4 Qd7 26.gxh6 Qh3  1/2-1/2

[Event "UKR-chT"]
[Site "Alushta"]
[Date "1994.??.??"]
[Round "?"]
[White "Kruppa, Yuri"]
[Black "Kushch, Nikolai"]
[Result "1/2-1/2"]
[WhiteElo "2505"]
[BlackElo "2360"]

1.e4 c5 2.Nf3 e6 3.d4 cxd4 4.Nxd4 a6 5.Bd3 Nf6 6.O-O Qc7 7.Re1 d6 8.c4 Nbd7
9.Bf1 Be7 10.Nc3 O-O 11.Bg5 Ne5 12.Rc1 Ng6 13.Be3 Bd7 14.h3 Rfe8 15.b3 Rac8
16.Qd2 Qb8 17.a4 Bd8 18.Rb1 Ne7 19.Bg5 Ng6 20.Red1 h6 21.Be3 Bc7 22.b4 Bd8
23.Nb3 Be7 24.b5 Qc7 25.f4 axb5 26.axb5 b6 27.Bd3 Rb8 28.e5 dxe5 29.Bxg6 fxg6
30.fxe5 Qxe5 31.Bf4 Qh5 32.Bxb8 Rxb8 33.Qe3 Kh8 34.Ne4 Bd8 35.Nd6 Bc7  1/2-1/2

[Event "Amstelveen"]
[Site "Amstelveen"]
[Date "1994.??.??"]
[Round "8"]
[White "Peelen, Piet"]
[Black "Los, Sander"]
[Result "1-0"]
[WhiteElo "2390"]
[BlackElo "2340"]

1.e4 c5 2.Nf3 e6 3.d4 cxd4 4.Nxd4 a6 5.Bd3 Nf6 6.O-O Qc7 7.Qe2 Bd6 8.Kh1 Bf4
9.Bxf4 Qxf4 10.c4 b6 11.Nc3 Bb7 12.Rad1 O-O 13.h3 Kh8 14.Bb1 Nc6 15.Nxc6 Bxc6
16.e5 Ng8 17.Kg1 Ne7 18.Qh5 g6 19.Qe2 Nf5 20.Rfe1 Rac8 21.Qg4 Qh6 22.Be4 Rfd8
23.Qf3 Qg5 24.Rd3 Qe7 25.Red1 Bxe4 26.Qxe4 Kg7 27.b3 Nh6 28.Qe3 Rc6 29.Ne4 Nf5
30.Qd2 Rc7 31.Nd6 f6 32.Nxf5+ gxf5 33.exf6+ Qxf6 34.Qf4 Rb7 35.Qd6 Qf8 36.Rg3+ Kf7
37.Qd4 Qh6 38.Rgd3 Rc8 39.Qe5 Rcc7 40.Rd6 Qf6 41.Qf4 b5 42.Rxa6 bxc4 43.bxc4 Rc5
44.Rad6 Ke8 45.Qd2 Qg7 46.Qd3 Rbc7 47.Rd4 R5c6 48.Qe2 Qf6 49.f4 Rc5 50.Kh1 Ke7
51.Qd3 Ke8 52.Rxd7 Rxc4 53.Rxc7 Rxc7 54.Qd6 Re7 55.Qd8+ Kf7 56.Rd7 Rxd7 57.Qxd7+ Kg6
58.Qe8+ Kg7 59.Kh2 h5 60.Qd7+ Kg6 61.a4 Kh6 62.Qe8 Kg7 63.Qb8 Kf7 64.Qc7+ Ke8
65.Qe5 Qg6 66.a5 Kd7 67.Qd4+ Kc8 68.a6 h4 69.Qc3+ Kb8 70.Qb3+ Kc7 71.a7 Qg8
72.Qf3  1-0

[Event "Andorra op"]
[Site "Andorra"]
[Date "1994.??.??"]
[Round "3"]
[White "Prie, Eric"]
[Black "Vehi Bach, Victor Manuel"]
[Result "0-1"]
[WhiteElo "2475"]
[BlackElo "2455"]

1.e4 c5 2.Nf3 e6 3.d4 cxd4 4.Nxd4 a6 5.Bd3 Bc5 6.Nb3 Ba7 7.Qe2 Nc6 8.Be3 d6
9.Nc3 Nge7 10.Bxa7 Rxa7 11.O-O-O b5 12.e5 Nxe5 13.Bxb5+ axb5 14.Nxb5 Rd7
15.Nxd6+ Rxd6 16.Qxe5 Rd5 17.Qxg7 Rg8 18.Qxh7 Rxg2 19.Nd2 Qc7 20.Ne4 Qf4+
21.Kb1 Bb7 22.Qh8+ Ng8 23.Nc3 Rxd1+ 24.Rxd1 Qxf2 25.Rc1 Rg1 26.b3 Ke7 27.Qe5 Rxc1+
28.Kxc1 Qb6 29.a4 Nf6 30.Nb5 Nd5 31.Kb2 Ba6 32.Qg5+ Kd7 33.c4 Bxb5 34.cxd5 Bxa4
35.dxe6+ fxe6 36.Qg7+ Kc8 37.Qf8+ Kd7 38.Qf7+ Kd8 39.Qf6+ Kc8 40.Qf8+ Kb7
41.Qe7+ Ka6 42.Qa3 Qd4+ 43.Kc2 Qe4+ 44.Kc3 Qe5+ 45.Kc2 Qxh2+ 46.Kc3  0-1

[Event "Andorra op"]
[Site "Andorra"]
[Date "1994.??.??"]
[Round "5"]
[White "Gallego, Ruben"]
[Black "Voskanian, Vahagn"]
[Result "0-1"]
[WhiteElo "2255"]
[BlackElo "2345"]

1.e4 c5 2.Nf3 e6 3.d4 cxd4 4.Nxd4 a6 5.Bd3 Nc6 6.Nxc6 bxc6 7.O-O d5 8.Nd2 Nf6
9.Qe2 Be7 10.b3 Bb7 11.Bb2 c5 12.exd5 Qxd5 13.f3 O-O 14.Nc4 Qh5 15.Rfe1 Nd5
16.Qf2 Bh4 17.g3 Bf6 18.Ne5 Rac8 19.f4 Nb4 20.Bf1 Nc6 21.Be2 Qh3 22.Bg4 Qh6
23.Bf3 Bxe5 24.Bxe5 Rfd8 25.Qg2 f6 26.Bc3 e5 27.fxe5 fxe5 28.Rad1 Rxd1 29.Bxd1 Nd8
30.Bf3 Bxf3 31.Qxf3 Nf7 32.Rf1 Qe6 33.Qe4 h6 34.Rd1 Re8 35.Rd5 Ng5 36.Qc4 Kh8
37.Rxc5 Qf5 38.Qe2 Rf8 39.Rc7  0-1

[Event "AUT-ch"]
[Site "Austria"]
[Date "1994.??.??"]
[Round "1"]
[White "Brod, Manfred"]
[Black "Stanec, Nikolaus"]
[Result "0-1"]
[WhiteElo "2255"]
[BlackElo "2450"]

1.e4 c5 2.Nf3 e6 3.d4 cxd4 4.Nxd4 a6 5.Bd3 g6 6.Nc3 Bg7 7.Nde2 Ne7 8.Bg5 Nbc6
9.Qd2 h6 10.Bh4 d5 11.exd5 exd5 12.O-O O-O 13.Bg3 d4 14.Ne4 Nf5 15.Rfd1 Nxg3
16.N4xg3 Qb6 17.a3 Ne5 18.Qb4 Qxb4 19.axb4 Rd8 20.b5 Nxd3 21.Rxd3 Be6 22.bxa6 Bc4
23.Rd2 Rxa6 24.Rxa6 Bxa6 25.f3 f5 26.Kf2 Kf7 27.c3 dxc3 28.Rxd8 cxb2 29.Rd7+ Ke8
30.Rd1 Bd3 31.Nf4 Bd4+ 32.Ke1 Bc2  0-1

[Event "AUT-ch"]
[Site "Austria"]
[Date "1994.??.??"]
[Round "3"]
[White "Neulinger, Manfred"]
[Black "Lendwai, Reinhard"]
[Result "1/2-1/2"]
[WhiteElo "2260"]
[BlackElo "2395"]

1.e4 c5 2.Nf3 e6 3.d4 cxd4 4.Nxd4 a6 5.Bd3 Nf6 6.O-O Qc7 7.Qe2 d6 8.Nc3 Nbd7
9.Kh1 Be7 10.f4 O-O 11.Nb3 b6 12.Bd2 Bb7 13.Rae1 e5 14.Qf3 Rae8 15.Nd5 Nxd5
16.exd5 f5 17.fxe5 Nxe5 18.Qh3 g6 19.Nd4 Bxd5 20.Bxa6 Ra8 21.Bb5 Rxa2 22.Bc3 Bf6
23.Rd1 Bf7 24.Qg3 Kh8 25.Nc6 Be8 26.Nd4 Bf7 27.Nc6 Be8 28.Nd4 Qf7 29.Bxe8 Qxe8
30.h3 Nc4 31.Rfe1 Be5 32.Nf3 f4 33.Qg5 Rf5 34.Nxe5 Nxe5 35.Qxf5 gxf5 36.Rxd6 Ra5
37.Bxa5 bxa5 38.Rd5 f3 39.Rexe5 fxg2+ 40.Kxg2 Qc6 41.c3 Qb7 42.b4 a4 43.Rxf5 a3
44.Rf8+ Kg7 45.Rd8 Kf6 46.Rd7 Qa8 47.Rd8 Qa4 48.Ra5 Qc2+ 49.Kg1 Qb1+ 50.Kh2 Qb2+
51.Kg1 Qxc3 52.Rd6+ Ke7 53.Rda6  1/2-1/2

[Event "Badenweiler op"]
[Site "Badenweiler"]
[Date "1994.??.??"]
[Round "9"]
[White "Matthaei, Alexander"]
[Black "Gerstner, Wolfgang"]
[Result "1-0"]
[WhiteElo "2295"]
[BlackElo "2380"]

1.e4 c5 2.Nf3 e6 3.d4 cxd4 4.Nxd4 a6 5.Bd3 Bc5 6.Nb3 Ba7 7.Qe2 Nc6 8.Be3 Nf6
9.Nc3 d6 10.O-O-O O-O 11.Bg5 Nd4 12.Qe1 b5 13.Nxd4 Bxd4 14.Ne2 Qb6 15.Nxd4 Qxd4
16.f4 h6 17.e5 dxe5 18.Bxf6 Qxf4+ 19.Kb1 gxf6 20.Rf1 Qxh2 21.Qe4 f5 22.Qxa8 e4
23.Be2 Qc7 24.c4 bxc4 25.Rc1 Qb6 26.Rc3 Rd8 27.Bxc4 Kh7 28.Rb3 Qc5 29.Rc1 Qa5
30.Rb8 Rd2 31.Rxc8 Qb4 32.Rh8+ Kg7 33.Qg8+ Kf6 34.Rxh6+ Ke7 35.Qg5+ Kd7 36.Qf6  1-0

[Event "Balatonbereny op"]
[Site "Balatonbereny"]
[Date "1994.??.??"]
[Round "5"]
[White "Madl, Ildiko"]
[Black "Tolnai, Tibor"]
[Result "0-1"]
[WhiteElo "2415"]
[BlackElo "2520"]

1.e4 c5 2.Nf3 e6 3.d4 cxd4 4.Nxd4 a6 5.Bd3 Nf6 6.O-O d6 7.c4 Nc6 8.Nxc6 bxc6
9.Nc3 Be7 10.Re1 Nd7 11.Bf4 O-O 12.Bc2 Qc7 13.Qd2 c5 14.Rad1 Ne5 15.b3 Rd8
16.Bg5 Bb7 17.Bxe7 Qxe7 18.Rf1 Nc6 19.Bb1 a5 20.f4 Nd4 21.f5 f6 22.Rde1 Re8
23.Bd3 Bc6 24.fxe6 Nxe6 25.Nd5 Qd8 26.Qf2 Ra7 27.Qh4 Nf8 28.Re3 Bxd5 29.cxd5 Ng6
30.Qh5 Re5 31.Qe2 Qb6 32.Bc4 Qb4 33.Qc2 Re8 34.a4 Ne5 35.Rc1 Rae7 36.Rc3 Rb8
37.Rb1 Qb7 38.Bb5 Qc8 39.Rf1 Nf7 40.Rcf3 Re5 41.Rf4 Qd8 42.Re1 Rb7 43.Re2 Rbe7
44.Qd3 Nh8 45.Rf1 Ng6 46.Kh1 Qc8 47.Qc3 Qd8 48.Qf3 Rg5 49.Qh3 Ne5 50.Rf5 Rxf5
51.Qxf5 Ng6 52.Kg1 Nf8 53.Qf2 Re5 54.Qe1 Ng6 55.Qd2 Ne7 56.Qd3 g6 57.Qd2 Kg7
58.Qc3 Ng8 59.Bc4 Nh6 60.Qd2 Nf7 61.Qc3 Ng5 62.Qe1 h5 63.h3 Nf7 64.Re3 Re7
65.Qg3 Ne5 66.Be2 Kh7 67.Qh4 Rg7 68.Kh2 Kg8 69.Bb5 Nf7 70.Bc4 Ng5 71.Qe1 Re7
72.Bb5 Kg7 73.Qh4 Re5 74.Qe1 Kh7 75.Kg1 Qb6 76.Kh2 c4 77.Bxc4 f5 78.Re2 Nxe4
79.Qg1 Qc7 80.Qd4 Qb7 81.Rb2 Nc5 82.Qc3 Qc7 83.Re2 Nxa4 84.Qd2 Rxe2 85.Qxe2 Nc5
86.Qe8 Kg7 87.Qa8 Ne4 88.Qc6 Qe7 89.Qb6 Qe5+ 90.Kg1 Qa1+ 91.Kh2 h4 92.Qd8 Qe5+
93.Kg1 Ng3 94.Qxa5 f4 95.Kh2 Nf5 96.Qa7+ Kf6 97.Qf2 Kg5 98.Kg1 Ne3 99.Qf3 Qa1+
100.Bf1 Qb1 101.g4 hxg3 102.h4+ Kf5 103.b4 Ke5  0-1

[Event "JUG-chT Cup"]
[Site "Becici"]
[Date "1994.??.??"]
[Round "?"]
[White "Pikula, Dejan"]
[Black "Tosic, Miroslav"]
[Result "1-0"]
[WhiteElo "2360"]
[BlackElo "2445"]

1.e4 c5 2.Nf3 e6 3.d4 cxd4 4.Nxd4 a6 5.Bd3 Nf6 6.O-O d6 7.c4 g6 8.Nc3 Bg7
9.Nf3 Qc7 10.h3 Nfd7 11.Qe2 Nc6 12.Bf4 Nce5 13.Rfd1 O-O 14.Rac1 Re8 15.b3 b6
16.Bb1 Bb7 17.Nd4 Rac8 18.Bg3 Nf6 19.Qd2 Nh5 20.Bh2 Red8 21.f4 Nc6 22.Nf3 b5
23.cxb5 axb5 24.Qe3 Qa5 25.f5 b4 26.Na4 e5 27.Nb6 Qa7 28.Qf2 Rb8 29.Nd5 Qxf2+
30.Kxf2 Kf8 31.g4 Nf4 32.Nxf4 exf4 33.Bxf4 Ke7 34.Bg5+ Bf6 35.Bxf6+ Kxf6
36.g5+ Ke7 37.f6+ Ke6 38.Bd3 Kd7 39.Bb5  1-0

[Event "Belgrade Trako"]
[Site "Belgrade"]
[Date "1994.??.??"]
[Round "7"]
[White "Istratescu, Andrei"]
[Black "Genov, Petar"]
[Result "1-0"]
[WhiteElo "2505"]
[BlackElo "2470"]

1.e4 c5 2.Nf3 e6 3.d4 cxd4 4.Nxd4 a6 5.Bd3 Nc6 6.Nxc6 bxc6 7.c4 Nf6 8.O-O e5
9.Nc3 Be7 10.Na4 d6 11.c5 d5 12.Nb6 Ra7 13.exd5 cxd5 14.b4 O-O 15.Bb2 a5
16.a3 axb4 17.axb4 Rxa1 18.Bxa1 Qc7 19.Re1 d4 20.Qe2 Re8 21.Bb5 Rd8 22.Nxc8 Qxc8
23.Qxe5 Bf8 24.Rd1 Qb8 25.Qe2 Nd5 26.Rxd4 Nf4 27.Qf1 Rxd4 28.Bxd4 Nd5 29.Qc4  1-0

[Event "Berga op"]
[Site "Berga"]
[Date "1994.??.??"]
[Round "3"]
[White "Ruiz Diez, Julio Cesar"]
[Black "Ionescu, Constantin"]
[Result "0-1"]
[WhiteElo "2180"]
[BlackElo "2440"]

1.e4 c5 2.Nf3 e6 3.d4 cxd4 4.Nxd4 a6 5.Bd3 Nf6 6.O-O Qc7 7.Qe2 d6 8.c4 g6
9.Nc3 Bg7 10.Be3 Nbd7 11.f4 O-O 12.Rac1 b6 13.b4 Bb7 14.Nb3 Rac8 15.Bd4 Qb8
16.Kh1 Rfe8 17.Na4 Bc6 18.b5 axb5 19.cxb5 Ba8 20.Rxc8 Rxc8 21.Nb2 Nc5 22.Nxc5 bxc5
23.Bc3 d5 24.Bxf6 Bxf6 25.e5 Bd8 26.a4 c4 27.Bc2 Bb6 28.Rc1 Qa7 29.Re1 Qb7
30.h3 d4 31.Nxc4 Rxc4 32.Be4 Qxe4  0-1

[Event "Berliner Sommer"]
[Site "Berlin"]
[Date "1994.??.??"]
[Round "?"]
[White "Wolski, Thomas"]
[Black "Arbakov, Valentin"]
[Result "0-1"]
[WhiteElo "2325"]
[BlackElo "2570"]

1.e4 c5 2.Nf3 e6 3.d4 cxd4 4.Nxd4 a6 5.Bd3 d6 6.O-O Nd7 7.c4 g6 8.Nc3 Bg7
9.Nf3 Ne7 10.Be3 Qc7 11.Rc1 O-O 12.Qd2 Rd8 13.Rfd1 b6 14.Bg5 Ne5 15.Be2 Nxf3+
16.Bxf3 Bb7 17.h4 Be5 18.Bf4 Rac8 19.h5 gxh5 20.Be3 Ba8 21.Bxh5 Ng6 22.Bf3 Qb7
23.Na4 Rc6 24.Bd4 Bxd4 25.Qxd4 Rdc8 26.b3 b5 27.Nb2 Qe7 28.Qd2 Nh4 29.Be2 Qf6
30.Rc3 Rc5 31.Rg3+ Ng6 32.Nd3 R5c7 33.Nf4 bxc4 34.Nh5 Qe5 35.Qh6 cxb3 36.f4 Qh8
37.axb3 Bxe4 38.Qg5 h6 39.Qa5 Rc1 40.Qxa6 Rxd1+ 41.Bxd1 Qd4+ 42.Kh2 Ra8 43.Qe2 d5
44.b4 Kh7 45.Qb5 Qxd1 46.Nf6+ Kg7 47.Nxe4 dxe4 48.Qe5+ Kh7 49.Qxe4 Ra1 50.Rxg6 Qh5+  0-1

[Event "Biel op"]
[Site "Biel"]
[Date "1994.??.??"]
[Round "9"]
[White "Gunawan, Ronny"]
[Black "Nemet, Ivan"]
[Result "0-1"]
[WhiteElo "2420"]
[BlackElo "2425"]

1.e4 c5 2.Nf3 e6 3.d4 cxd4 4.Nxd4 a6 5.Bd3 Bc5 6.Nb3 Ba7 7.O-O Nc6 8.Qe2 d6
9.Be3 Bxe3 10.Qxe3 Nf6 11.N1d2 O-O 12.a4 e5 13.a5 Be6 14.Nc4 Bxc4 15.Bxc4 Rc8
16.c3 Ne7 17.Nd2 Qc7 18.Rfe1 Rfe8 19.Bb3 d5 20.Qf3 Rcd8 21.h3 d4 22.Nc4 Nc6
23.Red1 dxc3 24.Rxd8 Nxd8 25.bxc3 Ne6 26.Qe3 Qc5 27.f3 h5 28.Rd1 h4 29.Rd6 Nh5
30.Rd5 Qc7 31.Qb6 Qc8 32.Rxe5 Nhf4 33.Qe3 Rd8 34.Rf5 Rd3 35.Qb6 Rxc3 36.Qb4 Qc7
37.Ne5 Rxb3 38.Qxb3 Qc1+ 39.Kh2 Qd2 40.Rxf4 Qxf4+  0-1

[Event "Bled op sen"]
[Site "Bled"]
[Date "1994.??.??"]
[Round "?"]
[White "Stoeckl, Ernst"]
[Black "Gallob, Josef"]
[Result "1-0"]
[WhiteElo "2140"]
[BlackElo "1960"]

1.e4 c5 2.Nf3 e6 3.d4 cxd4 4.Nxd4 a6 5.Bd3 Qc7 6.O-O Nf6 7.Nc3 d6 8.Kh1 Bd7
9.f4 Nc6 10.Nde2 Be7 11.Be3 Nb4 12.Ng3 Nxd3 13.cxd3 h5 14.Rc1 Qa5 15.f5 e5
16.Qb3 b5 17.h3 h4 18.Nd5 Nxd5 19.Qxd5 Qd8 20.Ne2 Rc8 21.Qb7 O-O 22.Qxa6 Ra8
23.Qb7 Rb8 24.Qd5 b4 25.Rc2 Rb5 26.Qb3 Qa5 27.d4 Rb7 28.Qd3 Bb5 29.Qd2 Qa6
30.Rd1 Qxa2 31.Nc1 Qa6 32.b3 Qa8 33.Re1 Rc8 34.Na2 Rxc2 35.Qxc2 Bd7 36.d5 Bd8  1-0

[Event "Ciocaltea mem"]
[Site "Bucharest"]
[Date "1994.??.??"]
[Round "3"]
[White "Stripunsky, Alexander"]
[Black "Ionescu, Constantin"]
[Result "1/2-1/2"]
[WhiteElo "2510"]
[BlackElo "2440"]

1.e4 c5 2.Nf3 e6 3.d4 cxd4 4.Nxd4 a6 5.Bd3 Nf6 6.O-O Qc7 7.Be3 d5 8.Nc3 dxe4
9.Nxe4 Nbd7 10.Nxf6+ Nxf6 11.Bg5 Be7 12.Re1 O-O 13.Qe2 Re8 14.c3 Bd7 15.Qf3 Rad8
16.Re3 Bc8 17.Rae1 Nd5 18.Bxe7 Qxe7 19.Bxh7+ Kxh7 20.Qh5+ Kg8 21.Nf5 exf5
22.Rxe7 Rxe7 23.Rxe7 Nxe7 24.h3 Be6 25.b3 Rd3 26.Qg5 Nc6 27.Qc1 g6 28.Qc2 Rd7
29.Qe2 Kg7 30.Qe3 Nd8 31.Kh2 Bd5 32.c4 Bc6 33.b4 f6 34.Qb6 Nf7 35.b5 axb5
36.cxb5 Bd5 37.a4 Ne5 38.a5 Kf7 39.a6 bxa6 40.bxa6 Nc6 41.Qb5 Ke6 42.Qe2+ Kd6
43.Qb2 Ke7 44.Qe2+ Kf7 45.Qb5 Ke6  1/2-1/2

[Event "ROM-ch"]
[Site "Bucharest"]
[Date "1994.??.??"]
[Round "6"]
[White "Cozianu, Costin"]
[Black "Ionescu, Constantin"]
[Result "1/2-1/2"]
[WhiteElo "2355"]
[BlackElo "2465"]

1.e4 c5 2.Nf3 e6 3.d4 cxd4 4.Nxd4 a6 5.Bd3 Nf6 6.O-O d6 7.Nc3 b5 8.a3 Bb7
9.f4 Nbd7 10.Qf3 h5 11.h3 h4 12.Be3 Be7 13.Bf2 Nh5 14.Nde2 Bf6 15.Rad1 Kf8
16.Qe3 Kg8 17.a4 bxa4 18.Nxa4 Qc7 19.b3 g6 20.Nb6 Nxb6 21.Qxb6 Qxb6 22.Bxb6 Kg7
23.Bc7 Be7 24.Ra1 Nf6 25.e5 Nd5 26.Bxd6 Bxd6 27.exd6 Ne3 28.Rf2 Rhd8 29.Nd4 Rxd6
30.Nf3 Rh8 31.Ne5 Rc8 32.Nc4 Nxc4  1/2-1/2